000 00338nam a2200133Ia 4500
008 211105s9999||||xx |||||||||||||| ||und||
082 _aRD307.760972932 R426C 2000
084 _b10-00177
100 _aCorral, Julio C.
245 0 _aLineamientos de desarrollo para la ciudad de comendador
260 _c2000
300 _a0
999 _c16154
_d16154